Wimbledon dernier carré semi finals 2010-2022 - Statistiques

Statistiques générales
  • Ce quiz a été pris 340 fois
  • Le résultat moyen est 38 sur 48
Statistiques - réponses
Année stade de la
compétition
Joueur % Correct
2022 vainqueur Djokovic
100%
2021 vainqueur Djokovic
100%
2019 vainqueur Djokovic
100%
2018 vainqueur Djokovic
100%
2015 vainqueur Djokovic
100%
2014 vainqueur Djokovic
100%
2013 finaliste Djokovic
100%
2012 demi finaliste Djokovic
100%
2011 vainqueur Djokovic
100%
2010 demi finaliste Djokovic
100%
2022 demi finaliste Nadal
100%
2019 demi finaliste Nadal
100%
2018 demi finaliste Nadal
100%
2011 finaliste Nadal
100%
2010 vainqueur Nadal
100%
2019 finaliste Federer
99%
2017 vainqueur Federer
99%
2016 demi finaliste Federer
99%
2015 finaliste Federer
99%
2014 finaliste Federer
99%
2012 vainqueur Federer
99%
2016 vainqueur Murray
93%
2015 demi finaliste Murray
93%
2013 vainqueur Murray
93%
2012 finaliste Murray
93%
2011 demi finaliste Murray
93%
2010 demi finaliste Murray
93%
2012 demi finaliste Tsonga
75%
2011 demi finaliste Tsonga
75%
2017 finaliste Cilic
72%
2022 finaliste Kyrgios
72%
2021 finaliste Berrettini
64%
2013 demi finaliste Del Potro
63%
2018 finaliste Anderson
60%
2015 demi finaliste Gasquet
60%
2018 demi finaliste Isner
59%
2017 demi finaliste Berdych
58%
2016 demi finaliste Berdych
58%
2010 finaliste Berdych
58%
2016 finaliste Raonic
56%
2014 demi finaliste Raonic
56%
2014 demi finaliste Dimitrov
42%
2022 demi finaliste Norrie
40%
2021 demi finaliste Hurkacz
37%
2021 demi finaliste Shapovalov
34%
2019 demi finaliste Bautista-Agut
27%
2017 demi finaliste Querrey
21%
2013 demi finaliste Janowicz
12%
Aucun quiz correspondant
Distribution des résultats
% des personnes avec chaque résultat
Percentile par nombre de réponses
Votre historique - résultats
Vous n’avez pas pris ce quiz